Candidates countries for the EU - Statistics

General Stats
  • This quiz has been taken 78 times
  • The average score is 9 of 10
Answer Stats
Deposit date Countries % Correct
2009 Serbia
97%
2016 Bosnia and Herzegovina
95%
2022 Ukraine
95%
2022 Moldova
94%
1987 Turkey
94%
2009 Albania
92%
2022 Kosovo
92%
2004 North Macedonia
92%
2008 Montenegro
91%
2022 Georgia
83%
No matching quizzes found
Score Distribution
Percent of People with Each Score
Percentile by Number Answered
Your Score History
You have not taken this quiz